Kliknij stolicę z Ameryki Południowej na mapie - Statystyki

Ogólne statystyki
  • Ten quiz został rozwiązany 24 razy
  • Średni wynik to 10 z 13
Odpowiedzi na mapie
Odpowiedzi zakodowano w zielono-czerwonej skali na mapie do tego quizu, zgodnie z poniższymi procentami.
 
Statystyki odpowiedzi
Odpowiedź % Poprawnych
Santiago
100%
Buenos Aires
95%
Brasilia
90%
Lima
90%
Bogota
86%
Montevideo
86%
Caracas
81%
Quito
81%
Asuncion
71%
Georgetown
67%
Paramaribo
67%
La Paz
62%
Sucre
62%
Nie znaleziono quizów pasujących do podanych kryteriów
Rozkład punktacji
Procent ludzi z każdym wynikiem
Percentyl według liczby udzielonych odpowiedzi
Twoja historia wyników
Nie rozwiązałeś tego quizu